MDQL
is popping MORE tags! Check the
thread
!
Quizzes
Events
Quiz Creation
Community
Videos
Private Events
Remove Ads
Sign In
Join for FREE
Feedback
Dark Mode
Quiz Categories
Sports
Geography
Music
Movies
Television
Just For Fun
Miscellaneous
History
Literature
Language
Science
Gaming
Entertainment
Religion
Holiday
For Kids
Quiz Lab
Recent
Popular Today
Quiz Kudos Today
Editor Picks
Curator Picks
Quizzes by...
Day
Popularity
Type
Ratings
Length
Year
Community
Subscriptions
Recent Discussions
Orange Saloon
Badges
Playlists
Quests
Create
Leaderboards
Showdown
Live 5
Trivia Bingo
Activity
Puzzle Library
Sporcle Events
Private Events
Virtual Trivia
Globe League
Become a Host
Pub Owners
SporcleCon
Opinionation
Our Games
Videos
Blog
Mobile Apps
Partnerships
Remove Ads and Go Orange
Feedback
Sports
Athletes
MLB
NBA
NHL
NFL
Soccer
Sports Teams
WWE
NCAA
Football
Premier League
Basketball
Baseball
Hockey
Golf
Tennis
Cricket
Rugby
Auto Racing
Olympics
World Cup
Sports
Athletes
MLB
NBA
NHL
NFL
Soccer
Sports Teams
WWE
NCAA
Football
Premier League
Basketball
Baseball
Hockey
Golf
Tennis
Cricket
Rugby
Auto Racing
Olympics
World Cup
Random Quiz
Search Sporcle
×
Quiz Lab
Quiz Lab
Sports
NBA
Select answers by clicking on text or image buttons
Select answers by clicking on text or image buttons
Clickable
Best Score? Go Orange.
NBA Players College Matchup Stats
Can you match the NBA player with the college that they played for?
By
mason88
5m
35 Questions
6,931 Plays
6,931 Plays
6,931 Plays
Comments
Comments
Give Quiz Kudos
Give Quiz Kudos
-
- Ratings
hide this ad
Replay
Link that replays current quiz
Next Quiz
Link to next quiz in quiz playlist
You Got
0%
They Got
Avg Score
71%
Avg Friend Score
Upgrade to see
Score Distribution
Jump to the score distribution portion of the page
Score
0/35
Timer
05:00
0
Plays Today
% Correct
Michael Jordan
94%
Stephen Curry
92.3%
Carmelo Anthony
91.9%
Kevin Durant
91.6%
Shaquille O'Neal
88.9%
Dwyane Wade
88.5%
Jeremy Lin
87.6%
Derrick Rose
86.9%
Tim Duncan
86.9%
Kemba Walker
86.4%
Allen Iverson
85.3%
James Harden
84.2%
Larry Bird
84%
Joakim Noah
83.3%
Magic Johnson
82.7%
Kareem Abdul-Jabbar
81.2%
Chris Webber
80.2%
Grant Hill
79.4%
% Correct
Charles Barkley
76.1%
Rajon Rondo
74.9%
Hakeem Olajuwon
74.6%
Steve Nash
73.1%
John Stockton
64.1%
Jason Kidd
61.6%
Wilt Chamberlain
60.6%
Bill Russell
59.3%
Scottie Pippen
56.6%
Karl Malone
51.5%
Oscar Robertson
50.4%
Jerry West
48.5%
Kevin McHale
42.8%
John Havlicek
39.8%
Julius Erving
38.9%
Tim Hardaway
37.6%
George Mikan
34.6%
Quiz Playlist
Details
Report
Send in Message
Add To Playlist
Clickable:
Select answers by clicking on text or image buttons
Last Updated: Feb 16, 2017
Quiz Scoreboard
CHALLENGE
Sign Up to Join the Scoreboard
Show All
Scores
Hide
Comments
May contain spoilers
Recently Published
Find the 'City' Movie
by crazypaving
Movies
60s
5x2 Blitz: Bands
by SL_Kpop136
Music
30s
Colored Red Africa Blitz
by spor1
Geography
30s
More to Explore
Quiz From the Vault
Featured Blog Post
14 Easter Pick-up Lines to Find Eggs With
hide this ad
You Might Also Like...
Tags
Basketball Quiz
College Quiz
NBA Quiz
Matching
NBA Player
NCAA Basketball
Player
Today's Top Quizzes in Sports
Browse Sports
hide this ad
Today's Top Quizzes in NBA
Browse NBA
Top Contributed Quizzes in Sports
1
Les entraîneurs de l'OM et du PSG au 21e siècle
2
Les meilleurs buteurs des matchs entre le PSG et l’OM
3
Players with Multiple 50 Home Run Seasons
4
2022 World Cup Stars
5
Les joueurs passés par le PSG et l'OM
6
NBA Logic Puzzle 2.0
7
Criteria MLB: Left Handed Sluggers
8
MLB Players with Two .350 Batting Average Seasons
9
Top 10 NHL Goal Scorers of All Time
10
Who Hit More Homers?
Explore More
Trending Topics
Harry Potter
NBA
Crossword
Marvel
Disney
Kpop
Anime
Song
Country
Pokémon
Puzzle
NFL
Soccer
WWE
The Office
hide this ad
More By:
mason88
Quiz
Plays
Rating
Category
Featured
Created
2000s Lyric Match
271,748
3.97
Music
Jul 1, 2012
50 States by NCAA Logos
237,949
4.58
Sports
Jul 21, 2013
2-Time NBA MVP Winners
235,698
4.34
Sports
Apr 10, 2013
Artist by First #1 Hit
232,881
4.46
Music
Jun 12, 2013
30 Famous Movie Taglines
182,249
4.43
Movies
Mar 26, 2013
Go to Creator's Profile
Score Distribution
Quiz Creator Spotlight
mason88
Follow
Send a Message
Quizzes Created
-
Created Quiz Play Count
-
More By This Creator
Popular Quizzes Today
1
Colored Red Africa Blitz
2
Find the 'City' Movie
3
Find the US States - No Outlines Minefield
4
5x2 Blitz: Bands
5
The Countries of the World
6
Find the US States
7
Find the Countries of Europe - No Outlines Minefield
8
US States
More Sports Quizzes
Premier League Logos with Green Cover
Editor's Pick
Trending Quizzes
Colored Red Europe Blitz I
Colored Red Africa Blitz II
Colored Red Europe Blitz II
Colored Red Africa Blitz III
Colored Red Europe Blitz III
Recently Updated
How Do You Spell That?
pecheneg
Godzilla Movies
pecheneg
Grab Bag: 4-10 Letters
pecheneg
2024 March Madness Bracket
pecheneg
Famous TV Couples
Peacemaker
Champions League XIs: Real Madrid
pecheneg
Largest US Cities 1790-2010
pecheneg
Rides in Walt Disney World
pecheneg
Most Oscar Losses (Acting)
pecheneg
Beyoncé Albums
pecheneg
Trending Topics
Kpop
Harry Potter
Anime
Marvel
NBA
Crossword
Disney
Country
Song
Soccer
Pokémon
NFL
The Office
Puzzle
WWE
Your Account Isn't Verified!
In order to create a playlist on Sporcle, you need to verify the email address you used during registration. Go to your
Sporcle Settings
to finish the process.
Report this User
Report this user for behavior that violates our
Community Guidelines
.
Details:
Send Report
Go to the Sporcle.com Mobile Site →
Comments